THE SPECIFIC RELIEF ACT 1963 (Record no. 34083)

MARC details
000 -LEADER
fixed length control field 00255nam a22001217a 4500
003 - CONTROL NUMBER IDENTIFIER
control field SGT
082 ## - DEWEY DECIMAL CLASSIFICATION NUMBER
Classification number 346.02
Item number UNI
100 ## - MAIN ENTRY--PERSONAL NAME
Personal name UNIVERSAL
245 ## - TITLE STATEMENT
Title THE SPECIFIC RELIEF ACT 1963
260 ## - PUBLICATION, DISTRIBUTION, ETC. (IMPRINT)
Place of publication, distribution, etc GURUGRAM
Name of publisher, distributor, etc UNIVERSAL
Year of Publication 2026
300 ## - PAGE DESCRIPTION
No. of Pages 23
942 ## - ADDED ENTRY ELEMENTS (KOHA)
Source of classification or shelving scheme Dewey Decimal Classification
Koha item type Books
Holdings
Withdrawn status Lost status Source of classification or shelving scheme Damaged status Not for loan Collection code Home library Current library Shelving location Date acquired Vendor Name Cost, normal purchase price SGTU Bill Number Full call number Accession No. (Barcode) Date last seen Bill Date Koha item type Total Checkouts
    Dewey Decimal Classification   Not For Loan LAW SGT Science & Social Sciences Library SGT Science & Social Sciences Library Reference Book 14/02/2026 ZAFFA BOOKS 140.00 SGTU ZBD0409 346.02 UNI FL4011 14/02/2026 30/01/2026 Books  
    Dewey Decimal Classification     LAW SGT Science & Social Sciences Library SGT Science & Social Sciences Library Text Book 14/02/2026 ZAFFA BOOKS 140.00 SGTU ZBD0409 346.02 UNI FL4012 14/02/2026 30/01/2026 Books  
    Dewey Decimal Classification     LAW SGT Science & Social Sciences Library SGT Science & Social Sciences Library Text Book 14/02/2026 ZAFFA BOOKS 140.00 SGTU ZBD0409 346.02 UNI FL4013 14/02/2026 30/01/2026 Books  
    Dewey Decimal Classification     LAW SGT Science & Social Sciences Library SGT Science & Social Sciences Library Text Book 14/02/2026 ZAFFA BOOKS 140.00 SGTU ZBD0409 346.02 UNI FL4014 14/02/2026 30/01/2026 Books  
    Dewey Decimal Classification     LAW SGT Science & Social Sciences Library SGT Science & Social Sciences Library Text Book 14/02/2026 ZAFFA BOOKS 140.00 SGTU ZBD0409 346.02 UNI FL4015 14/02/2026 30/01/2026 Books